An intermediate guide to spss programming : (Record no. 346554)
[ view plain ]
| 000 -LEADER | |
|---|---|
| fixed length control field | 01229 a2200181 4500 |
| 020 ## - INTERNATIONAL STANDARD BOOK NUMBER | |
| International Standard Book Number | 0761931856 (paperback) |
| 020 ## - INTERNATIONAL STANDARD BOOK NUMBER | |
| International Standard Book Number | 9780761931850 (paperback) |
| 082 04 - DEWEY DECIMAL CLASSIFICATION NUMBER | |
| Classification number | 005.55 |
| 090 ## - LOCALLY ASSIGNED LC-TYPE CALL NUMBER (OCLC); LOCAL CALL NUMBER (RLIN) | |
| -- | 4098 |
| -- | 4098 |
| 100 1# - MAIN ENTRY--PERSONAL NAME | |
| Personal name | Boslaugh, Sarah. |
| 245 13 - TITLE STATEMENT | |
| Title | An intermediate guide to spss programming : |
| Remainder of title | using syntax for data management / |
| Statement of responsibility, etc. | Sarah Boslaugh. |
| 250 ## - EDITION STATEMENT | |
| Edition statement | 1st ed. |
| 260 ## - PUBLICATION, DISTRIBUTION, ETC. | |
| Place of publication, distribution, etc. | [S.l.] : |
| Name of publisher, distributor, etc. | Sage Publications, Inc, |
| Date of publication, distribution, etc. | 2004. |
| 300 ## - PHYSICAL DESCRIPTION | |
| Extent | 248 p. ; |
| Dimensions | 23 cm. |
| 520 ## - SUMMARY, ETC. | |
| Summary, etc. | An Intermediate Guide to SPSS Programming: Using Syntax for Data Management introduces the major tasks of data management and presents solutions using SPSS syntax. This book fills an important gap in the education of many students and researchers, whose coursework has left them unprepared for the data management issues that confront them when they begin to do independent research. It also serves as an introduction to SPSS programming. All the basic features of SPSS syntax are illustrated, as are many intermediate and advanced topics such as using vectors and loops, reading complex data files, and using the SPSS macro language. |
| 856 40 - ELECTRONIC LOCATION AND ACCESS | |
| Materials specified | Amazon.com |
| Uniform Resource Identifier | <a href="http://www.amazon.com/exec/obidos/ASIN/0761931856/chopaconline-20">http://www.amazon.com/exec/obidos/ASIN/0761931856/chopaconline-20</a> |
| 942 ## - ADDED ENTRY ELEMENTS (KOHA) | |
| Institution code [OBSOLETE] | NBS |
| Koha item type | Book |
| Call number prefix | 005.55 BOS |
| Withdrawn status | Lost status | Damaged status | Not for loan | Permanent Location | Current Location | Shelving location | Date acquired | Total Checkouts | Total Renewals | Full call number | Barcode | Date last seen | Date last checked out | Price effective from | Koha item type |
|---|---|---|---|---|---|---|---|---|---|---|---|---|---|---|---|
| Central Library (CL) | Central Library (CL) | First Floor - Operating System/ Data Structure | 08/28/2013 | 1 | 2 | 005.55 BOS | NBS5812 | 03/10/2023 | 07/19/2017 | 08/28/2013 | Book |
